| 000 | 01134nam a2200325 i 4500 | ||
|---|---|---|---|
| 001 | 194099 | ||
| 003 | ES-MaACL | ||
| 005 | 20240930131522.0 | ||
| 007 | ta | ||
| 008 | 240410n19?? sp ||||| |||| 00| 0 spa d | ||
| 020 | _a8421728320515 | ||
| 040 |
_bspa _cES-MaACL |
||
| 082 | _a086.86 | ||
| 245 | 0 | 0 |
_aLetras hispánicas: _b545 obras |
| 246 | _aLetras universales: 350 obras | ||
| 260 |
_a[Madrid] : _bEdiciones Cátedra, _c[19??.] |
||
| 300 |
_a128 p.; _c17 cm |
||
| 336 |
_2rdacontent _atexto |
||
| 337 |
_2rdamedia _asin mediación |
||
| 338 |
_2rdacarrier _avolumen |
||
| 520 | _aColección de clásicos anotados en lengua española, sus ediciones van precedidas de introducción y bibliografía. | ||
| 650 | 4 |
_914554 _aLiteratura española- _vBibliografías |
|
| 655 | 7 |
_9226825 _aBibliografías |
|
| 852 |
_aES-MaACL _cDEPO2 _jA-15333 _hDonación: Candela Arroyo _9201622 |
||
| 903 |
_9235711 _aArroyo, Candela _ednr |
||
| 942 |
_n0 _cMONOGRAFIA |
||
| 999 |
_c194099 _d194099 |
||